¿Qué estoy haciendo? / (Record no. 168752)

MARC details
000 -CABECERA
campo de control de longitud fija 00631nam a2200205 a 4500
005 - FECHA Y HORA DE LA ÚLTIMA TRANSACCIÓN
campo de control 20240320063633.0
008 - ELEMENTOS DE LONGITUD FIJA--INFORMACIÓN GENERAL
campo de control de longitud fija 140331s2005 es r 000 0 spa d
020 ## - NÚMERO INTERNACIONAL NORMALIZADO PARA LIBROS
Número Internacional Estándar del Libro 842635646X
035 ## - NÚMERO DE CONTROL DEL SISTEMA
Número de control de sistema UPN01000196651
049 ## - COLECCIÓN
Colección I
050 #4 - SIGNATURA TOPOGRÁFICA DE LA BIBLIOTECA DEL CONGRESO
Número de clasificación PZ24.9
Número de documento/Ítem S5.8
100 1# - ASIENTO PRINCIPAL--NOMBRE PERSONAL
Nombre de persona Slegers, Liesbet,
Fechas asociadas al nombre 1975-
9 (RLIN) 30022
245 10 - MENCIÓN DE TÍTULO
Título ¿Qué estoy haciendo? /
Mención de responsabilidad, etc. Liesbet Slegers ; tr. Agustín Gervás.
260 ## - PUBLICACIÓN, DISTRIBUCIÓN, ETC.
Lugar de publicación, distribución, etc. Zaragoza, Esp. :
Nombre del editor, distribuidor, etc. Luis Vives,
Fecha de publicación, distribución, etc. 2005.
300 ## - DESCRIPCIÓN FÍSICA
Extensión [6] h. pleg. :
Otras características físicas principalmente il. col.
534 ## - NOTA SOBRE LA VERSIÓN ORIGINAL
Frase introductoria Título original:
Mención de título del original Wat dor ik?
650 #4 - ASIENTO SECUNDARIO DE MATERIA - TERMINO TEMATICO
Término de materia o nombre geográfico como elemento de entrada Cuentos infantiles belgas
9 (RLIN) 10768
905 ## - TIPO DE MATERIAL
Tipo de material Infantil
Holdings
Estado de retiro Estado de pérdida Fuente del sistema de clasificación o colocación Estado dañado No para préstamo Código de colección Localización permanente Ubicación/localización actual Ubicación en estantería Fecha de adquisición Total de préstamos Clasificación Código de barras Fecha visto por última vez Número de copia Tipo de ítem Koha Fecha del último préstamo
    Library of Congress Classification     Infantil Bib. Gregorio Torres Quintero Bib. Gregorio Torres Quintero Sala infantil Planta baja 10/05/2023 8 PZ24.9 S5.8 296832 31/12/2020 1 Libro  
    Library of Congress Classification     Infantil Bib. Gregorio Torres Quintero Bib. Gregorio Torres Quintero Sala infantil Planta baja 14/11/2022 9 PZ24.9 S5.8 296325 29/11/2022 1 Libro 14/11/2022